000 01202nam a2200313 a 4500
001 000113305
003 CHAP
005 20220329144348.0
008 170602s2016 mx sm |||||||spa d
010 _a109766
011 _a110738
040 _cCHAP
090 _aTesis
100 1 _aSalinas Salinas, César
_9132468
245 1 0 _aEvaluación financiera para una unidad de producción de árboles de navidad (Abies hickelii), en San Miguel Suchixtepec, Miahuatlán, Oaxaca /
_h[En línea]
_cpor César Salinas Salinas.
260 _aChapingo, Méx. :
_bEl autor,
_c2016.
500 _aPara ver el contenido del material haga clic en la liga
502 _aTesis (Ing. en Economía Agrícola) -- UACH. Departamento de Economía Agrícola
590 _aE8697GMM
_b05
_c20170602
_lUCH01
_h1435
590 _aE8697GMM
_b05
_c20170602
_lUCH01
_h1501
590 _aE8697GMM
_b05
_c20170605
_lUCH01
_h0844
650 1 4 _aÁrboles de navidad
_xMercadeo.
_982444
650 1 4 _aÁrboles de navidad
_xProducción
_zOaxaca.
_9132469
650 1 4 _aPlantación de árboles.
_988782
856 _aFinding aid
_uhttp://10.13.5.2/tesis/sist113305.pdf
_zTeclea aquí
901 _aBK
942 _cTESIS
942 _n0
999 _c109766
_d109766